000 00518nam a2200229Ia 4500
003 OSt
005 20220924145528.0
006 a|||||r|||| 00| 0
007 ta
008 TEL
020 _c4.00
024 _a329123
037 _cTextual
040 _aARTS
_cARTS
_bTEL
041 _2TEL
_aTEL
082 _aO111,3N12,11, 35K6
245 0 _aReturn of wild swans
260 _c1966
650 _aENGLISH LITERATURE
942 _hO111,3N12,11, 35K6
_cTEXL
_2CC
999 _c460364
_d460364